000 01179cam a22001814a 4500
005 20250605163230.0
008 250528s ||||||||||||||||||||||||d
035 _a14976
040 _aGR-AtMCL
_bgre
_dGR-AtMCL
_eAACR2
245 1 _aΗλεκτρονικοί Υπολογιστές και Μικροΰπολογιστές
300 _a276
520 _aΑρχές Επεξεργασίας Στοιχείων, Εισαγωγή στους Η/Υ, Παράσταση των Στοιχείων, Άλγεβρα Bolle - Ψηφιακή Ηλεκτρονική, Κύρια Μνήμη, Αριθμητική - Λογική Μονάδα, Μονάδα Έλεγχου, Γενικά για Μονάδες Εισόδου - Εξόδου, Μη Μαγνητικές Περιφερειακές Μονάδες, Μαγνητικές Περιφερειακές Μονάδες, Προγραμματισμός Η/Υ, Στοιχεία Λειτουργικού Συστήματος, Τηλεπεξεργασία, Μικρουπολογιστές, Βιβλιογραφία.
700 1 _aΒατικιώτης Αντώνης
942 _cBK
260 _bΑθήνα
999 _c585
_d585